Religion Quiz

Random Religion or Bible Quiz

Biblical E's Quiz Stats

 Plays Quiz Updated Feb 20, 2020

Support Sporcle.
Go Orange.
Score 0/28 Timer 04:00
1 Play Today
% Correct
Eden
88%
Esther
84%
Esther
84%
Esau
80.5%
Eli
79.8%
Ezekiel
69.4%
Ezekiel
69.4%
Ezra
69.1%
Exodus
68%
Elijah
67.5%
Ephesians
60.5%
Egypt
54.4%
Ecclesiastes
51.7%
Eve
50.7%
% Correct
Elizabeth
50.1%
Euphrates
47.5%
Elisha
46.4%
Ephesus
30%
Ephraim
28.8%
Edom
21.3%
Enoch
19.9%
Ehud
12.2%
Eunice
9.9%
Elon
4.4%
Elisheba
4.4%
Euodia
4%
Elah
3.4%
Eldad
2.5%

You're not logged in!

Compare scores with friends on all Sporcle quizzes.
OR
Log In

From the Vault

4 Decades of Notable Deaths

by kfastic

Every death is notable, it just depends on who you ask.
Remove Ads.
Support Sporcle.
Get the best of Sporcle when you Go Orange. This ad-free experience offers more features, more stats, and more fun while also helping to support Sporcle. Thank you for becoming a member.

Show Comments

Extras

Top Quizzes Today


Score Distribution

Your Account Isn't Verified!

In order to create a playlist on Sporcle, you need to verify the email address you used during registration. Go to your Sporcle Settings to finish the process.

Report this User

Report this user for behavior that violates our Community Guidelines.

Details: